000 00676nam a2200217 a 4500
005 20240924071220.0
008 031022s1993 mx r 000 0 spa d
020 _a9681639715
035 _aUPN01000130342
049 _aI
050 4 _aPZ71
_bB7.7
100 1 _aBrowne, Anthony Edward Tudor,
_d1946-
_935823
245 1 3 _aEl túnel /
_cAnthony Browne ; tr. Carmen Esteva.
260 _aMéxico :
_bFCE,
_c1993.
300 _a[25] p. :
_bprincipalmente il. col.
440 4 _aLos especiales de A la orilla del viento
534 _pTraducción de:
_tThe tunnel
650 4 _aCuentos infantiles ingleses
_910002
650 4 _aLiteratura infantil
_94445
905 _aInfantil
999 _c102499
_d102499